000 00225 a2200097 4500
001 38057
100 _aNash S.G
245 _aLinear & nonlinear programming
260 _aSingapore
_bMcGraw Hill
_c1996
090 _c24235
_d24235
942 _aNUST-CAE
_cM
_c15820
999 _c273130
_d273130